| 000 -LEADER |
| fixed length control field |
01808cam a2200373 i 4500 |
| 001 - CONTROL NUMBER |
| control field |
18827865 |
| 005 - DATE AND TIME OF LATEST TRANSACTION |
| control field |
20220812110940.0 |
| 008 - FIXED-LENGTH DATA ELEMENTS--GENERAL INFORMATION |
| fixed length control field |
151022s2016 enk b 001 0 eng |
| 010 ## - LIBRARY OF CONGRESS CONTROL NUMBER |
| LC control number |
2015041655 |
| 020 ## - INTERNATIONAL STANDARD BOOK NUMBER |
| International Standard Book Number |
9781138833586 (hbk) |
| 020 ## - INTERNATIONAL STANDARD BOOK NUMBER |
| International Standard Book Number |
9781138833562 (pbk) |
| 020 ## - INTERNATIONAL STANDARD BOOK NUMBER |
| Canceled/invalid ISBN |
9781315735429 (ebk) |
| 040 ## - CATALOGING SOURCE |
| Original cataloging agency |
DLC |
| Language of cataloging |
eng |
| Transcribing agency |
DLC |
| Description conventions |
rda |
| Modifying agency |
DLC |
| 042 ## - AUTHENTICATION CODE |
| Authentication code |
pcc |
| 050 00 - LIBRARY OF CONGRESS CALL NUMBER |
| Classification number |
K1322 |
| Item number |
.B874 2016 |
| 082 00 - DEWEY DECIMAL CLASSIFICATION NUMBER |
| Classification number |
341.481 |
| Author Mark |
BUS |
| 245 00 - TITLE STATEMENT |
| Title |
Business and human rights : |
| Remainder of title |
from principles to practice / |
| Statement of responsibility, etc. |
edited by Dorothée Baumann-Pauly and Justine Nolan. |
| 264 #1 - PRODUCTION, PUBLICATION, DISTRIBUTION, MANUFACTURE, AND COPYRIGHT NOTICE |
| Place of production, publication, distribution, manufacture |
Abingdon, Oxon ; |
| -- |
New York, NY : |
| Name of producer, publisher, distributor, manufacturer |
Routledge Taylor & Francis Group, |
| Date of production, publication, distribution, manufacture, or copyright notice |
2016. |
| 300 ## - PHYSICAL DESCRIPTION |
| Extent |
xx, 329 pages ; |
| Dimensions |
24 cm |
| 336 ## - CONTENT TYPE |
| Content type term |
text |
| Source |
rdacontent |
| 337 ## - MEDIA TYPE |
| Media type term |
unmediated |
| Source |
rdamedia |
| 338 ## - CARRIER TYPE |
| Carrier type term |
volume |
| Source |
rdacarrier |
| 504 ## - BIBLIOGRAPHY, ETC. NOTE |
| Bibliography, etc. note |
Includes bibliographical references and index. |
| 505 0# - FORMATTED CONTENTS NOTE |
| Formatted contents note |
The relationship of human rights to business -- Regulatory framework and guiding principles -- Business and human rights : implementation challenges -- Defining and implementing human rights standards industry by industry -- Key constituents that drive the implementation of business and human rights -- Accountability and remedy -- Global rules, private actors : future challenges for business and human rights. |
| 650 #0 - SUBJECT ADDED ENTRY--TOPICAL TERM |
| Topical term or geographic name entry element |
International business enterprises |
| General subdivision |
Law and legislation. |
| 9 (RLIN) |
94152 |
| 650 #0 - SUBJECT ADDED ENTRY--TOPICAL TERM |
| Topical term or geographic name entry element |
Corporate governance |
| General subdivision |
Law and legislation |
| -- |
Social aspects. |
| 9 (RLIN) |
94153 |
| 650 #0 - SUBJECT ADDED ENTRY--TOPICAL TERM |
| Topical term or geographic name entry element |
Social responsibility of business. |
| 650 #0 - SUBJECT ADDED ENTRY--TOPICAL TERM |
| Topical term or geographic name entry element |
Human rights. |
| 700 1# - ADDED ENTRY--PERSONAL NAME |
| Personal name |
Baumann-Pauly, Dorothée, |
| Relator term |
editor. |
| 9 (RLIN) |
94154 |
| 700 1# - ADDED ENTRY--PERSONAL NAME |
| Personal name |
Nolan, Justine, |
| Relator term |
editor. |
| 9 (RLIN) |
94155 |
| 906 ## - LOCAL DATA ELEMENT F, LDF (RLIN) |
| a |
7 |
| b |
cbc |
| c |
orignew |
| d |
1 |
| e |
ecip |
| f |
20 |
| g |
y-gencatlg |
| 942 ## - ADDED ENTRY ELEMENTS (KOHA) |
| Source of classification or shelving scheme |
|
| Koha item type |
Book |